Starelands Federation Federal Regions - 2080 - Statistics

General Stats
  • This quiz has been taken 6 times
  • The average score is 23 of 83
Answers on the Map
Answers color-coded by a green-red scale on the quiz's map according to % correct below.
 
Answer Stats
Answer % Correct
Miloha
100%
Starepolis
100%
Varburg
100%
Zline
100%
Aneby
67%
Bison
67%
Daren
67%
Garona City
67%
Graydon
67%
Hayoda
67%
Licardo
67%
Outer Daren
67%
Outer Garona
67%
Outer Licardo
67%
Outer Miloha
67%
Outer Staregrad
67%
Outer Starepolis
67%
Ricak-Ganija
67%
Ritava
67%
Stareajevogradenburg
67%
Staregrad
67%
Tijarka
67%
Zlinean Steppe Region
67%
Bamastova
33%
Bonas
33%
Cijan
33%
Eastova
33%
East-Ritava
33%
Encera
33%
Esabern
33%
Flamont
33%
Glon
33%
Grau-Halla
33%
Lozan
33%
Marika
33%
Markasta
33%
Port Bonas
33%
Potumyr
33%
South-Ritava
33%
Taran
33%
Tiak
33%
Tibetap
33%
Titap
33%
Abaldas
0%
Atana
0%
Burd
0%
Cugar on Loha
0%
Deloni
0%
Ebant
0%
Ejlonka
0%
Enzpord
0%
Fumal
0%
Janat
0%
Jebly
0%
Juga
0%
Konut
0%
Lasonja
0%
Mejka
0%
Mitan
0%
Najak
0%
Nakrar
0%
North Utania
0%
Plagow
0%
Pracha
0%
Sentru
0%
Sirgat
0%
Sulba
0%
Sulopin
0%
Swatz
0%
Tahat
0%
Takirch
0%
Taton
0%
Telus Under Graydon
0%
Tjika
0%
Tramny
0%
Ujaka
0%
Ujesa
0%
Ukana
0%
Ulzan
0%
Varian
0%
Wabel
0%
Webun
0%
Zulan
0%
No matching quizzes found
Score Distribution
Percent of People with Each Score
Percentile by Number Answered
Your Score History
You have not taken this quiz